<?xml version="1.0" encoding="UTF-8"?>
<record
    xmlns:xsi="http://www.w3.org/2001/XMLSchema-instance"
    xsi:schemaLocation="http://www.loc.gov/MARC21/slim http://www.loc.gov/standards/marcxml/schema/MARC21slim.xsd"
    xmlns="http://www.loc.gov/MARC21/slim">

  <leader>01145naa a22002177a 4500</leader>
  <controlfield tag="003">BPK</controlfield>
  <controlfield tag="005">20160303085900.0</controlfield>
  <controlfield tag="008">160303b1980    pl ||||| |||| 10| 0 eng  </controlfield>
  <datafield tag="040" ind1=" " ind2=" ">
    <subfield code="c">BPK</subfield>
  </datafield>
  <datafield tag="041" ind1=" " ind2=" ">
    <subfield code="a">eng</subfield>
  </datafield>
  <datafield tag="044" ind1=" " ind2=" ">
    <subfield code="a">POL</subfield>
  </datafield>
  <datafield tag="100" ind1=" " ind2=" ">
    <subfield code="a">MARCINKOWSKI, Stefan.</subfield>
    <subfield code="d">1969 - 1992.</subfield>
    <subfield code="b">Wy&#x17C;sza Szko&#x142;a In&#x17C;ynierska w Koszalinie - Instytut Budownictwa,</subfield>
    <subfield code="c">Zak&#x142;ad Technologii Materia&#x142;&#xF3;w Budowlanych</subfield>
  </datafield>
  <datafield tag="245" ind1=" " ind2=" ">
    <subfield code="a">Fly-ash-line-gypsum binder. United Nations Economic Commission for Europe /</subfield>
    <subfield code="c">Stefan Marcinkowski, Ryszard Popik.</subfield>
  </datafield>
  <datafield tag="260" ind1=" " ind2=" ">
    <subfield code="c">1980.</subfield>
  </datafield>
  <datafield tag="500" ind1=" " ind2=" ">
    <subfield code="a">Dane z kartoteki bpp.</subfield>
  </datafield>
  <datafield tag="655" ind1=" " ind2="0">
    <subfield code="a">Materia&#x142;y konferencyjne.</subfield>
  </datafield>
  <datafield tag="700" ind1=" " ind2=" ">
    <subfield code="a">POPIK, Ryszard.</subfield>
    <subfield code="d">1971 - 1982.</subfield>
    <subfield code="b">Wy&#x17C;sza Szko&#x142;a In&#x17C;ynierska w Koszalinie - Instytut Budownictwa,</subfield>
    <subfield code="c">Zak&#x142;ad Budownictwa Og&#xF3;lnego, Rolniczego i Przemys&#x142;owego</subfield>
  </datafield>
  <datafield tag="711" ind1=" " ind2=" ">
    <subfield code="a">Seminar on the extraction, removal and use of ash from coal-fried termal power stations</subfield>
    <subfield code="d">(1980.09.12-16 ;</subfield>
    <subfield code="c">Bielsko Bia&#x142;a, Polska).</subfield>
  </datafield>
  <datafield tag="773" ind1=" " ind2=" ">
    <subfield code="i">W :</subfield>
    <subfield code="t">Seminar on the extraction, removal and use of ash from coal-fried termal power stations : Materia&#x142;y konferencyjne. -</subfield>
    <subfield code="d">Bielsko Bia&#x142;a, 1980. -</subfield>
    <subfield code="g">s. 10</subfield>
  </datafield>
  <datafield tag="942" ind1=" " ind2=" ">
    <subfield code="c">ART</subfield>
    <subfield code="2">UKD</subfield>
  </datafield>
  <datafield tag="999" ind1=" " ind2=" ">
    <subfield code="c">7432</subfield>
    <subfield code="d">7432</subfield>
  </datafield>
</record>
